Statistiques concernant Quiz Géo Carte de france 2nd4

Cliquez ici pour prendre le quiz!

Statistiques générales

  • Ce quiz a été pris 25 fois
  • Le résultat moyen est 8 sur 11

Statistiques - réponses

Départements% Correct
Haute-Garonne
87%
Aude
83%
Ariège
78%
Lot
78%
Hérault
74%
Gers
70%
Pyrénées Orientales
70%
Gard
65%
Tarn et Garonne
61%
Aveyron
57%
Hautes-Pyrénées
30%

Distribution des résultats

Percentile par nombre de réponses

% des personnes avec chaque résultat

Votre développement - résultats

Vous n’avez pas pris ce quiz